000
00273nam a2200109Ia 4500
008
200302s9999 xx 000 0 und d
100
_a
Kingsley & Others
245
_a
Regional Dynamics Vol II
260
_b
An Elgar Reference Collection
260
_c
1997
300
_a
650 P.,
999
_c
5588
_d
5588